000 01685nam0a2200361 4500
001 RU\NLR\bibl\1717168
005 20250616070841.0
010 _a978-5-88242-748-0
_9200
035 _a(nilc)RSL-KNO-004650145
035 _a(NLR Aleph) 001708181
090 _a1263283
_c1263284
100 _a20100421d2009 |||y0rusy50 ca
101 0 _arus
102 _aRU
105 _ay zzzz|||||
200 1 _aНаименования лиц в русском и английском языках
_e(теоретические проблемы описания, контрастивный анализ семантики, национальная специфика)
_eмонография
_fЕ. А. Маклакова
210 _aВоронеж
_cИстоки
_d2009
215 _a353 с.
_cил., табл.
_d20
320 _aБиблиогр.: с. 339-353
606 1 _aРусский язык
_xСравнительная семантика
_xАнглийский язык
_91560970
_3RU\NLR\auth\66983185
606 1 _aАнглийский язык
_xСравнительная семантика
_xРусский язык
_9975443
_3RU\NLR\auth\6647678
606 1 _aРусский язык
_xНоминация
_91542527
_3RU\NLR\auth\66973863
606 1 _aАнглийский язык
_xНоминация
_9970947
_3RU\NLR\auth\6645331
686 _aШ143.21-32,0
_2rubbk
686 _aШ141.2-32,0
_2rubbk
686 _aШ141.12-32в
686 _aШ143.21-32в
700 1 _aМаклакова
_bЕ. А.
_gЕлена Альбертовна
_4070
801 0 _aRU
_bРГБ
_c20100421
_grcr
801 1 _aRU
_bРГБ
_c20100421
801 2 _aRU
_bNLR
_c20101221
_grcr
942 _cBOOK
980 _aNB